International Journal of Agricultural Management (Record no. 119398)
[ view plain ]
| 000 -LEADER | |
|---|---|
| fixed length control field | 00774cab a22002055a 4500 |
| 001 - CONTROL NUMBER | |
| control field | L158326 |
| 008 - FIXED-LENGTH DATA ELEMENTS--GENERAL INFORMATION | |
| fixed length control field | 070622c2014 xxkwr p 0 a0eng |
| 022 1# - INTERNATIONAL STANDARD SERIAL NUMBER | |
| International Standard Serial Number | 2047-3710 |
| 035 ## - SYSTEM CONTROL NUMBER | |
| System control number | (Sirsi) u158326 |
| 041 0# - LANGUAGE CODE | |
| Language code of text/sound track or separate title | eng |
| 245 00 - TITLE STATEMENT | |
| Title | International Journal of Agricultural Management |
| 260 ## - PUBLICATION, DISTRIBUTION, ETC. | |
| Place of publication, distribution, etc. | Portbury |
| Name of publisher, distributor, etc. | The Institute of Agricultural Management |
| Date of publication, distribution, etc. | 2013-2014 |
| 520 ## - SUMMARY, ETC. | |
| Summary, etc. | Combines the resources and expertise of the Journal of Farm Management (first published in 1967) and the Journal of International Farm Management, while extending their depth of content and geographical coverage. |
| 520 ## - SUMMARY, ETC. | |
| Summary, etc. | Kept for one year |
| 554 ## - | |
| -- | Annual |
| 651 #4 - SUBJECT ADDED ENTRY--GEOGRAPHIC NAME | |
| Geographic name | International |
| 690 ## - LOCAL SUBJECT ADDED ENTRY--TOPICAL TERM (OCLC, RLIN) | |
| Topical term or geographic name as entry element | Rural |
| 9 (RLIN) | 6268 |
| 856 ## - ELECTRONIC LOCATION AND ACCESS | |
| Uniform Resource Identifier | <a href="https://www.ingentaconnect.com/content/iagrm">https://www.ingentaconnect.com/content/iagrm</a> |
| 942 ## - ADDED ENTRY ELEMENTS (KOHA) | |
| Suppress in OPAC | 0 |
| Withdrawn status | Lost status | Source of classification or shelving scheme | Damaged status | Not for loan | Home library | Current library | Shelving location | Date acquired | Total Checkouts | Full call number | Barcode | Date last seen | Price effective from | Koha item type |
|---|---|---|---|---|---|---|---|---|---|---|---|---|---|---|
| Dewey Decimal Classification | London | London | Gallery | 15/12/2014 | INT. JOURNAL OF AGRICULTURAL MANAGEMENT | 158326-1001 | 06/08/2019 | 06/08/2019 | Journal |